Wird geladen...

Psyllidae of the Indian subcontinents

Bibliographische Detailangaben
1. Verfasser: Mathur, R.N
Format: Printed Book
Sprache:Undetermined
English
Veröffentlicht: New Delhi Indian Council of Agricultural research 1975
Schlagworte:
LEADER 00566nam a2200169Ia 4500
008 140306s9999 xx 000 0 und d
041 |a eng 
082 |a 595.7  |b MAT/PS 
100 |a Mathur, R.N 
245 |a Psyllidae of the Indian subcontinents 
260 |a New Delhi  |b Indian Council of Agricultural research  |c 1975 
300 |a 429 
365 |b Rs.38 
650 |a Entomology 
942 |2 ddc  |c BK 
999 |c 120947  |d 120947 
952 |0 0  |1 0  |2 ddc  |4 0  |6 595_700000000000000_MATPS  |7 0  |9 120277  |a KAUHCV  |b KAUHCV  |d 2004-05-07  |g 38.00  |o 595.7 MAT/PS  |p KAU_HCV-7329  |r 2014-03-22  |w 2014-03-22  |y BK